• Monti Ezio

di Personal Name

Records bibliografici associati: 1

001 - CONTROL NUMBER

  • control field: 875

003 - CONTROL NUMBER IDENTIFIER

  • control field: IT-RoPau

005 - DATE AND TIME OF LATEST TRANSACTION

  • control field: 20131101221319.0

008 - FIXED-LENGTH DATA ELEMENTS

  • fixed length control field: 131101|| aca||aabn | a|a d

040 ## - CATALOGING SOURCE

  • Original cataloging agency: IT-RoPau
  • Transcribing agency: IT-RoPau

100 ## - HEADING--PERSONAL NAME

  • Personal name: Monti Ezio
  • Relator term: Autore musica
  • Miscellaneous information: Codice autore musica SPICS: 1361
  • Name of part/section of a work: Sono qui per cantare - Apri gli occhi e guarda

670 ## - SOURCE DATA FOUND

  • Source citation: Work cat.: (IT-RoPau)103704: AA.VV. 794, Sui sentieri della speranza-Spirituals in italiano (Lp si 30.14)
CREDITS: SOCIETA' SAN PAOLO Via A.Severo, 58 - ROMA (RM) & PERIODICI SAN PAOLO SRL Via Giotto, 36 MILANO & CISF Via Giotto, 36 MILANO & EDIZIONI SAN PAOLO SRL,  Piazza Soncino, 5 CINISELLO BALSAMO (MI) -- ITALY